[Event "Euskadi-chTB"]
[Site "Euskadi"]
[Date "2000.11.25"]
[Round "2"]
[White "Osuna Sanchez, Infante Raul"]
[Black "Espinosa Fernandez, Fernando"]
[Result "1/2-1/2"]
[WhiteElo "2104"]
[BlackElo "1655"]
[PlyCount "50"]
[EventDate "2000.11.18"]
[EventType "team"]
[EventRounds "9"]
[EventCountry "ESP"]
[SourceTitle "EXT 2006"]
[Source "ChessBase"]
[SourceDate "2005.11.24"]
[SourceVersion "1"]
[SourceVersionDate "2005.11.24"]
[SourceQuality "1"]

1. e4 e5 2. Nf3 Nc6 3. Nc3 Nf6 4. Bb5 a6 5. Bxc6 dxc6 6. Nxe5 Be6 7. 0-0 Bd6 8. Nf3 0-0 9. d4 Bc4 10. e5 Bxf1 11. Kxf1 Ng4 12. exd6 Qxd6 13. Kg1 c5 14. dxc5 Qxc5 15. Nd4 Rad8 16. Qxg4 Rxd4 17. Qg3 Qxc3 18. Be3 Qxb2 19. Bxd4 Qxd4 20. Rb1 Rd8 21. h3 Qd2 22. Qxc7 Rd7 23. Rxb7 g6 24. Qxd7 Qc1+ 25. Kh2 Qf4+ 1/2-1/2